AN INTRODUCTION TO PRACTICAL BIOCHEMISTRY (Record no. 16073)

MARC details
000 -LEADER
fixed length control field 00341nam a22001457a 4500
003 - CONTROL NUMBER IDENTIFIER
control field SGT
020 ## - INTERNATIONAL STANDARD BOOK NUMBER
International Standard Book Number 978-0-07-0994874
082 ## - DEWEY DECIMAL CLASSIFICATION NUMBER
Classification number 612.015
Item number P18P
100 ## - MAIN ENTRY--PERSONAL NAME
Personal name PLUMMER,DAVID.T
245 ## - TITLE STATEMENT
Title AN INTRODUCTION TO PRACTICAL BIOCHEMISTRY
260 ## - PUBLICATION, DISTRIBUTION, ETC. (IMPRINT)
Place of publication, distribution, etc CHENNEI
Name of publisher, distributor, etc MC GRAW HILL
Year of Publication 2018
300 ## - PAGE DESCRIPTION
No. of Pages 332
650 ## - SUBJECT ADDED ENTRY--TOPICAL TERM
Topical term or geographic name as entry element PHARMACY
942 ## - ADDED ENTRY ELEMENTS (KOHA)
Source of classification or shelving scheme Dewey Decimal Classification
Koha item type Books
942 ## - ADDED ENTRY ELEMENTS (KOHA)
-- 1
Holdings
Withdrawn status Lost status Source of classification or shelving scheme Damaged status Not for loan Collection code Home library Current library Shelving location Date acquired Vendor Name Cost, normal purchase price SGTU Bill Number Total Checkouts Full call number Accession No. (Barcode) Date last seen Bill Date Koha item type Use restrictions Date last borrowed
    Dewey Decimal Classification     PHARMACY SGT FA-FP Library SGT FA-FP Library Text Book 20/09/2018 AHUJA PUB 585.00 SGTU 10139   612.015 P18P FP2951 20/09/2018 15/09/2018 Books    
    Dewey Decimal Classification     PHARMACY SGT FA-FP Library SGT FA-FP Library Reference Book 20/09/2018 AHUJA PUB 585.00 SGTU 10139   612.015 P18P FP2952 20/09/2018 15/09/2018 Books Restricted Access  
    Dewey Decimal Classification     PHARMACY SGT FA-FP Library SGT FA-FP Library Text Book 20/09/2018 AHUJA PUB 585.00 SGTU 10139 1 612.015 P18P FP2953 07/03/2019 15/09/2018 Books   07/03/2019
    Dewey Decimal Classification     PHARMACY SGT FA-FP Library SGT FA-FP Library Text Book 20/09/2018 AHUJA PUB 585.00 SGTU 10139   612.015 P18P FP2954 20/09/2018 15/09/2018 Books    
    Dewey Decimal Classification     PHARMACY SGT FA-FP Library SGT FA-FP Library Text Book 20/09/2018 AHUJA PUB 585.00 SGTU 10139 1 612.015 P18P FP2955 08/09/2023 15/09/2018 Books   08/09/2023